[Event "Voronezh op-A 18th"]
[Site "Voronezh"]
[Date "2014.06.19"]
[Round "7"]
[White "Ivanets, Vladimir"]
[Black "Bykova, Anastasia"]
[Result "0-1"]
[WhiteElo "2114"]
[BlackElo "2134"]
[PlyCount "66"]
[EventDate "2014.06.12"]
[EventType "swiss"]
[EventRounds "9"]
[EventCountry "RUS"]
[SourceTitle "CBM 160 Extra"]
[Source "ChessBase"]
[SourceDate "2014.07.01"]
[SourceVersion "1"]
[SourceVersionDate "2014.07.01"]
[SourceQuality "1"]

1. b4 d5 2. e3 Nf6 3. Nf3 Bg4 4. c4 c6 5. Bb2 e6 6. a3 Nbd7 7. Be2 a5 8. b5 Bd6 9. d3 0-0 10. Nc3 Qe7 11. 0-0 Rfd8 12. h3 Bxf3 13. Bxf3 Ne5 14. Be2 dxc4 15. dxc4 Bb8 16. Qc2 Qc7 17. Rfd1 Ned7 18. g3 Ba7 19. Rac1 Bxe3 20. Kg2 Bxc1 21. Bxc1 Rac8 22. Bg5 h6 23. Rxd7 Rxd7 24. Bxf6 gxf6 25. Ne4 Qe5 26. f4 Qd4 27. f5 exf5 28. Nc3 Re8 29. Kf1 Re3 30. Nd1 Rxg3 31. Nf2 f4 32. Bd1 Qe3 33. bxc6 bxc6 0-1

[Event "Voronezh op-B 18th"]
[Site "Voronezh"]
[Date "2014.06.18"]
[Round "7"]
[White "Perelygin, Mikhail"]
[Black "Ivanets, Vladimir"]
[Result "1/2-1/2"]
[WhiteElo "1940"]
[BlackElo "2114"]
[PlyCount "87"]
[EventDate "2014.06.12"]
[EventType "swiss"]
[EventRounds "9"]
[EventCountry "RUS"]
[SourceTitle "EXT 2015"]
[Source "ChessBase"]
[SourceDate "2014.11.20"]
[SourceVersion "1"]
[SourceVersionDate "2014.11.20"]
[SourceQuality "1"]

1. d4 b5 2. e4 a6 3. Bd3 e6 4. Nf3 Bb7 5. 0-0 Nf6 6. Nbd2 Be7 7. Re1 d6 8. c3 Nbd7 9. a4 c6 10. Nf1 0-0 11. Ng3 Re8 12. h3 h6 13. Nh2 e5 14. Nf5 Bf8 15. Ng4 Kh7 16. f4 Nxg4 17. Qxg4 Nf6 18. Qf3 g6 19. Ng3 exd4 20. cxd4 c5 21. axb5 c4 22. Bxc4 Nxe4 23. Nxe4 d5 24. Ng5+ hxg5 25. Rxe8 Qxe8 26. bxa6 Bg7 27. Bf1 Bxd4+ 28. Kh1 Bc6 29. Qd3 Bg7 30. fxg5 Qe1 31. Rb1 Re8 32. Bf4 Qe6 33. Bg3 d4 34. Re1 Qxh3+ 35. Kg1 Qd7 36. Rxe8 Qxe8 37. Qd2 d3 38. Bxd3 Qd7 39. Qe2 Bxb2 40. Bxg6+ fxg6 41. Qxb2 Qd1+ 42. Kf2 Qd5 43. Kg1 Qxg5 44. Qc3 1/2-1/2

[Event "Voronezh op-A 18th"]
[Site "Voronezh"]
[Date "2014.06.14"]
[Round "3"]
[White "Ivanets, Vladimir"]
[Black "Berezhnaya, Veronika"]
[Result "1-0"]
[WhiteElo "2114"]
[BlackElo "1943"]
[PlyCount "89"]
[EventDate "2014.06.12"]
[EventType "swiss"]
[EventRounds "9"]
[EventCountry "RUS"]
[SourceTitle "CBM 160 Extra"]
[Source "ChessBase"]
[SourceDate "2014.07.01"]
[SourceVersion "1"]
[SourceVersionDate "2014.07.01"]
[SourceQuality "1"]

1. b4 d5 2. Nf3 Nf6 3. e3 g6 4. c4 Bg7 5. cxd5 Nxd5 6. d4 Nxb4 7. Qa4+ N4c6 8. Bb5 0-0 9. 0-0 e5 10. Ba3 Re8 11. Rd1 exd4 12. Nxd4 Qg5 13. Nd2 Bh3 14. g3 Qd5 15. Bf1 Bxd4 16. exd4 Bxf1 17. Nxf1 b5 18. Qb3 Rd8 19. Bb2 Ne7 20. Qc3 Na6 21. Ne3 Qc6 22. Qd2 Nd5 23. Rac1 Qe6 24. a3 Nxe3 25. Qxe3 Qd5 26. Re1 Rd6 27. Qe7 Rad8 28. Bc3 R6d7 29. Qf6 Rd6 30. Qf4 Re6 31. Re5 Rxe5 32. dxe5 Qe6 33. Bd4 Rc8 34. Bxa7 c5 35. Rd1 Qe7 36. Bb6 Re8 37. Re1 f6 38. e6 Nb8 39. Qe4 Qd6 40. Qb7 Re7 41. Qc8+ Kg7 42. Bxc5 Rc7 43. Qxc7+ Qxc7 44. e7 Qxc5 45. e8Q 1-0

[Event "Voronezh op-B 18th"]
[Site "Voronezh"]
[Date "2014.06.13"]
[Round "2"]
[White "Ivanets, Vladimir"]
[Black "Kozlov, Sergej A"]
[Result "0-1"]
[WhiteElo "2114"]
[BlackElo "1954"]
[PlyCount "83"]
[EventDate "2014.06.12"]
[EventType "swiss"]
[EventRounds "9"]
[EventCountry "RUS"]
[SourceTitle "EXT 2015"]
[Source "ChessBase"]
[SourceDate "2014.11.20"]
[SourceVersion "1"]
[SourceVersionDate "2014.11.20"]
[SourceQuality "1"]

1. b4 d5 2. Bb2 Bg4 3. Nf3 Nd7 4. g3 Bxf3 5. exf3 e5 6. a3 Ngf6 7. Bg2 Bd6 8. 0-0 0-0 9. d3 a5 10. b5 a4 11. Nd2 Nc5 12. d4 exd4 13. Bxd4 Qd7 14. Bxf6 gxf6 15. f4 Rfd8 16. Qh5 Bf8 17. Rab1 Ne6 18. c4 Bxa3 19. cxd5 Ng7 20. Qf3 Be7 21. Rfe1 a3 22. Qb3 a2 23. Ra1 Ra3 24. Qb2 Rda8 25. Ne4 Ne8 26. Nc3 Nd6 27. Rxa2 Rxa2 28. Nxa2 Nxb5 29. Nc3 Nxc3 30. Qxc3 Kg7 31. Be4 Re8 32. Qc2 h6 33. Rd1 Bd6 34. Bf5 Qb5 35. Kg2 Re2 36. Rd2 Re1 37. Rd1 Qf1+ 38. Kf3 Rxd1 39. Kg4 Rxd5 40. f3 h5+ 41. Kh4 Qxf3 42. Bd3 0-1

[Event "Khanty-Mansiysk Governor Cup-B 9th"]
[Site "Khanty-Mansiysk"]
[Date "2013.12.02"]
[Round "5"]
[White "Ivanets, Vladimir"]
[Black "Goriatchkin, Jouri"]
[Result "1/2-1/2"]
[WhiteElo "2146"]
[BlackElo "2322"]
[PlyCount "60"]
[EventDate "2013.11.28"]
[EventType "swiss"]
[EventRounds "9"]
[EventCountry "RUS"]
[SourceTitle "CBM 157 Extra"]
[Source "ChessBase"]
[SourceDate "2013.12.19"]
[SourceVersion "1"]
[SourceVersionDate "2013.12.19"]
[SourceQuality "1"]

1. b4 c6 2. e3 Qb6 3. a3 a5 4. c3 d5 5. d4 Bf5 6. Nd2 axb4 7. cxb4 e6 8. Bb2 Nf6 9. Ngf3 Bd6 10. Be2 0-0 11. 0-0 Nbd7 12. Nh4 Qc7 13. h3 Ne4 14. Nxe4 Bxe4 15. Nf3 e5 16. dxe5 Nxe5 17. Nxe5 Bxe5 18. Bxe5 Qxe5 19. Bd3 Rfd8 20. Qc2 Bxd3 21. Qxd3 Ra4 22. Rab1 Qe4 23. Rfd1 Qxd3 24. Rxd3 f5 25. f3 Kf7 26. e4 fxe4 27. fxe4 d4 28. Rc1 Ke6 29. Rc5 Rd6 30. Rh5 h6 1/2-1/2

[Event "Khanty-Mansiysk Governor Cup-B 9th"]
[Site "Khanty-Mansiysk"]
[Date "2013.11.30"]
[Round "3"]
[White "Ivanets, Vladimir"]
[Black "Musakaev, Emil"]
[Result "0-1"]
[WhiteElo "2146"]
[BlackElo "2327"]
[PlyCount "58"]
[EventDate "2013.11.28"]
[EventType "swiss"]
[EventRounds "9"]
[EventCountry "RUS"]
[SourceTitle "CBM 157 Extra"]
[Source "ChessBase"]
[SourceDate "2013.12.19"]
[SourceVersion "1"]
[SourceVersionDate "2013.12.19"]
[SourceQuality "1"]

1. Nf3 c5 2. e4 d6 3. c3 Nf6 4. e5 dxe5 5. Nxe5 Nbd7 6. Nf3 g6 7. d3 Bg7 8. Be2 0-0 9. 0-0 b6 10. Nbd2 Bb7 11. Re1 Qc7 12. a4 Rad8 13. Bf1 Rfe8 14. a5 b5 15. a6 Bc6 16. Qc2 h6 17. d4 e5 18. dxe5 Nxe5 19. Nxe5 Rxe5 20. Rxe5 Qxe5 21. Nf3 Bxf3 22. gxf3 Qe1 23. Qe2 Rd1 24. Qxe1 Rxe1 25. Kg2 c4 26. Ra5 Rxc1 27. Rxb5 Nh5 28. Bxc4 g5 29. f4 Nxf4+ 0-1

[Event "Voronezh op-B 17th"]
[Site "Voronezh"]
[Date "2013.06.20"]
[Round "9"]
[White "Grishchenko, Vladimir"]
[Black "Ivanets, Vladimir"]
[Result "1-0"]
[WhiteElo "2020"]
[BlackElo "2137"]
[PlyCount "55"]
[EventDate "2013.06.12"]
[EventType "swiss"]
[EventRounds "9"]
[EventCountry "RUS"]
[SourceTitle "EXT 2014"]
[Source "ChessBase"]
[SourceDate "2013.11.20"]
[SourceVersion "1"]
[SourceVersionDate "2013.11.20"]
[SourceQuality "1"]

1. Nf3 Nf6 2. g3 b5 3. Bg2 Bb7 4. d3 e6 5. 0-0 Be7 6. Nbd2 a5 7. e4 d6 8. Re1 Nbd7 9. h4 0-0 10. h5 Nxh5 11. Nd4 g6 12. Nxb5 Rb8 13. Nc3 Re8 14. Nf3 Ng7 15. Bh6 e5 16. Rb1 Ne6 17. Qd2 c6 18. Bh3 Ndf8 19. Kg2 Bf6 20. Rh1 Bc8 21. b3 Ng7 22. Rh2 d5 23. Rbh1 d4 24. Na4 Bxh3+ 25. Rxh3 Nge6 26. Nb2 Ra8 27. a4 Bh8 28. Nc4 1-0

[Event "Voronezh op-B 17th"]
[Site "Voronezh"]
[Date "2013.06.19"]
[Round "8"]
[White "Ivanets, Vladimir"]
[Black "Davidenko, Evgeny"]
[Result "1/2-1/2"]
[WhiteElo "2137"]
[BlackElo "2087"]
[PlyCount "43"]
[EventDate "2013.06.12"]
[EventType "swiss"]
[EventRounds "9"]
[EventCountry "RUS"]
[SourceTitle "EXT 2014"]
[Source "ChessBase"]
[SourceDate "2013.11.20"]
[SourceVersion "1"]
[SourceVersionDate "2013.11.20"]
[SourceQuality "1"]

1. Nf3 g6 2. b4 Bg7 3. Nc3 Nf6 4. Bb2 0-0 5. Rb1 d6 6. e3 e5 7. d3 Qe7 8. Be2 Re8 9. 0-0 Nbd7 10. e4 c6 11. Bc1 Nf8 12. a4 Ne6 13. Re1 Nd4 14. Nxd4 exd4 15. Na2 d5 16. exd5 Nxd5 17. Bf3 Be6 18. Bd2 Qd6 19. Nc1 Bf5 20. Na2 Be6 21. Nc1 Bf5 22. Nb3 1/2-1/2

[Event "Voronezh op-B 17th"]
[Site "Voronezh"]
[Date "2013.06.14"]
[Round "3"]
[White "Kuryshkin, Anatoliy"]
[Black "Ivanets, Vladimir"]
[Result "1-0"]
[WhiteElo "2043"]
[BlackElo "2137"]
[PlyCount "37"]
[EventDate "2013.06.12"]
[EventType "swiss"]
[EventRounds "9"]
[EventCountry "RUS"]
[SourceTitle "EXT 2014"]
[Source "ChessBase"]
[SourceDate "2013.11.20"]
[SourceVersion "1"]
[SourceVersionDate "2013.11.20"]
[SourceQuality "1"]

1. e4 c5 2. Nf3 Nc6 3. Bb5 e6 4. 0-0 Be7 5. Re1 d6 6. h3 Bd7 7. Nc3 a6 8. Bxc6 Bxc6 9. d4 cxd4 10. Nxd4 Bd7 11. Be3 b5 12. a4 b4 13. Nd5 Nf6 14. Bg5 h6 15. Bxf6 gxf6 16. Nxb4 0-0 17. a5 Kh7 18. c3 Re8 19. Qd3 1-0

[Event "Wch Seniors 21st"]
[Site "Rijeka"]
[Date "2011.11.26"]
[Round "11"]
[White "Ivanets, Vladimir"]
[Black "Rooze, Jan"]
[Result "1/2-1/2"]
[WhiteElo "2192"]
[BlackElo "2321"]
[PlyCount "50"]
[EventDate "2011.11.15"]
[EventType "swiss"]
[EventRounds "11"]
[EventCountry "CRO"]
[SourceTitle "CBM 145 Extra"]
[Source "ChessBase"]
[SourceDate "2012.01.03"]
[SourceVersion "1"]
[SourceVersionDate "2012.01.03"]
[SourceQuality "1"]

1. Nf3 c5 2. e4 e6 3. Be2 a6 4. 0-0 b5 5. a4 b4 6. d4 cxd4 7. Nxd4 Bb7 8. Bf3 Qc7 9. e5 Ne7 10. Bxb7 Qxb7 11. Nd2 Nd5 12. Qg4 Nc6 13. N4f3 f5 14. exf6 Nxf6 15. Qh4 Ne7 16. Ne5 Nf5 17. Qh3 Rc8 18. Ng6 Rg8 19. Nxf8 Kxf8 20. c3 Kf7 21. cxb4 Qxb4 22. Qd3 Rc5 23. Nf3 Ra8 24. Qa3 Qxa3 25. Rxa3 Rac8 1/2-1/2

[Event "Khanty-Mansiysk Governor Cup 7th"]
[Site "Khanty-Mansiysk"]
[Date "2011.09.03"]
[Round "4"]
[White "Mezhevov, Valentin"]
[Black "Ivanets, Vladimir"]
[Result "1/2-1/2"]
[WhiteElo "2013"]
[BlackElo "2188"]
[PlyCount "80"]
[EventDate "2011.08.31"]
[EventType "swiss"]
[EventRounds "9"]
[EventCountry "RUS"]
[SourceTitle "CBM 144 Extra"]
[Source "ChessBase"]
[SourceDate "2011.10.28"]
[SourceVersion "1"]
[SourceVersionDate "2011.10.28"]
[SourceQuality "1"]

1. e4 c5 2. Nf3 Nc6 3. Bb5 Na5 4. 0-0 a6 5. Be2 Nc6 6. d4 cxd4 7. Nxd4 Qc7 8. Nc3 e6 9. Be3 b5 10. Qd2 Nf6 11. f4 b4 12. Na4 Nxe4 13. Qd3 Nc5 14. Nxc5 Bxc5 15. Kh1 Be7 16. Nxc6 dxc6 17. Bd4 0-0 18. Rf3 Rd8 19. Rh3 h6 20. Qe3 Rxd4 21. Qxd4 e5 22. Qxe5 Qxe5 23. fxe5 Bxh3 24. gxh3 a5 25. Bc4 Ra7 26. Rf1 Bg5 27. e6 fxe6 28. Bxe6+ Kh7 29. Rf7 Rxf7 30. Bxf7 g6 31. a4 bxa3 32. bxa3 Kg7 33. Be8 c5 34. Kg2 a4 35. Bxa4 Bc1 36. c4 Bxa3 37. Bc6 Bb2 38. Be4 Be5 39. Bd5 Kf6 40. Be4 h5 1/2-1/2

[Event "Khanty-Mansiysk Governor Cup 7th"]
[Site "Khanty-Mansiysk"]
[Date "2011.09.02"]
[Round "3"]
[White "Schargin, Andrei"]
[Black "Ivanets, Vladimir"]
[Result "0-1"]
[WhiteElo "1903"]
[BlackElo "2188"]
[PlyCount "38"]
[EventDate "2011.08.31"]
[EventType "swiss"]
[EventRounds "9"]
[EventCountry "RUS"]
[SourceTitle "CBM 144 Extra"]
[Source "ChessBase"]
[SourceDate "2011.10.28"]
[SourceVersion "1"]
[SourceVersionDate "2011.10.28"]
[SourceQuality "1"]

1. d4 Nf6 2. Nf3 g6 3. Nc3 Bg7 4. e4 d6 5. Bc4 0-0 6. h3 Nxe4 7. Bxf7+ Rxf7 8. Nxe4 Nc6 9. 0-0 Bd7 10. c3 h6 11. Nh4 Kh7 12. f4 e5 13. Qb3 Rf8 14. g3 exd4 15. cxd4 Nxd4 16. Qd3 Bb5 17. Qb1 Bxf1 18. Nxg6 Kxg6 19. Kxf1 Kf7 0-1

[Event "Khanty-Mansiysk Governor Cup 6th"]
[Site "Khanty-Mansiysk"]
[Date "2010.09.24"]
[Round "8"]
[White "Usmanov, Ilnur"]
[Black "Ivanets, Vladimir"]
[Result "1-0"]
[WhiteElo "2095"]
[BlackElo "2198"]
[PlyCount "139"]
[EventDate "2010.09.17"]
[EventType "swiss"]
[EventRounds "10"]
[EventCountry "RUS"]
[SourceTitle "CBM 138 Extra"]
[Source "ChessBase"]
[SourceDate "2010.10.29"]
[SourceVersion "1"]
[SourceVersionDate "2010.10.29"]
[SourceQuality "1"]

1. c4 Nf6 2. Nc3 b6 3. Nf3 Bb7 4. g3 e6 5. Bg2 Be7 6. 0-0 0-0 7. d4 d5 8. Ne5 Nbd7 9. Bf4 Rc8 10. Nb5 a6 11. Na7 Ra8 12. Nac6 Qe8 13. Rc1 Bd6 14. Nxd7 Qxd7 15. Ne5 Qe7 16. Bg5 h6 17. Bxf6 gxf6 18. Nd3 c5 19. dxc5 bxc5 20. Qd2 Kg7 21. b4 cxb4 22. c5 Bc7 23. Qxb4 Bc6 24. Qg4+ Kh7 25. Nb4 Bb5 26. a4 Bd7 27. Qh4 a5 28. Bxd5 Rae8 29. Nc6 Bxc6 30. Bxc6 Rb8 31. Rc4 Rb4 32. Rxb4 axb4 33. Qxb4 f5 34. Qc4 Rd8 35. Rb1 Qf6 36. Rb7 Rd4 37. Qc2 Ba5 38. Be8 Qd8 39. Bc6 Kg6 40. Qb3 h5 41. Rb8 Qf6 42. Rg8+ Kh7 43. Qb8 Bd8 44. Re8 h4 45. Kg2 e5 46. Bb5 Qh6 47. h3 Bf6 48. Rxe5 hxg3 49. fxg3 Qg6 50. Re3 f4 51. Rf3 Bh4 52. g4 Qe4 53. Qe8 Qxe8 54. Bxe8 Rc4 55. Bb5 Rxc5 56. Rxf4 Kg7 57. Rf5 Rxf5 58. gxf5 Bd8 59. Kf3 Kf6 60. Kg4 Ke5 61. h4 Ba5 62. Be8 f6 63. Bd7 Kd6 64. Be6 Be1 65. h5 Bd2 66. a5 Kc5 67. a6 Kb6 68. Bc4 Bh6 69. Kf3 Ka7 70. Ke4 1-0

[Event "Khanty-Mansiysk Governor Cup 6th"]
[Site "Khanty-Mansiysk"]
[Date "2010.09.22"]
[Round "6"]
[White "Mezhevov, Valentin"]
[Black "Ivanets, Vladimir"]
[Result "1-0"]
[WhiteElo "1994"]
[BlackElo "2198"]
[PlyCount "71"]
[EventDate "2010.09.17"]
[EventType "swiss"]
[EventRounds "10"]
[EventCountry "RUS"]
[SourceTitle "CBM 138 Extra"]
[Source "ChessBase"]
[SourceDate "2010.10.29"]
[SourceVersion "1"]
[SourceVersionDate "2010.10.29"]
[SourceQuality "1"]

1. e4 c5 2. Nf3 Nc6 3. Bb5 Na5 4. c3 a6 5. Ba4 b5 6. Bc2 Bb7 7. 0-0 c4 8. b4 cxb3 9. axb3 e6 10. d4 d5 11. e5 Rc8 12. Bd2 Nc6 13. Bd3 g6 14. b4 Bg7 15. Qe2 Nge7 16. Rc1 0-0 17. Be3 Qc7 18. Nbd2 Nxb4 19. cxb4 Qxc1+ 20. Rxc1 Rxc1+ 21. Nf1 Rc7 22. h4 Nc6 23. Bd2 Rfc8 24. h5 Bf8 25. Ne3 Bxb4 26. Ng4 Be7 27. Nf6+ Kh8 28. Qe3 Bf8 29. Ng5 h6 30. hxg6 Nxd4 31. Nxf7+ Rxf7 32. gxf7 Kg7 33. Qxd4 Kxf7 34. Qa7 Rc7 35. Qb8 Re7 36. Bb4 1-0

[Event "Khanty-Mansiysk Governor Cup-B 5th"]
[Site "Khanty-Mansiysk"]
[Date "2009.11.30"]
[Round "7"]
[White "Kononenko, Igor"]
[Black "Ivanets, Vladimir"]
[Result "0-1"]
[WhiteElo "2078"]
[BlackElo "2223"]
[PlyCount "64"]
[EventDate "2009.11.24"]
[EventType "swiss"]
[EventRounds "11"]
[EventCountry "RUS"]
[SourceTitle "EXT 2011"]
[Source "ChessBase"]
[SourceDate "2010.11.26"]
[SourceVersion "1"]
[SourceVersionDate "2010.11.26"]
[SourceQuality "1"]

1. c4 c5 2. g3 b6 3. Bg2 Nc6 4. f4 Bb7 5. b3 Nf6 6. Nc3 e6 7. Bb2 Be7 8. Nh3 0-0 9. 0-0 d5 10. d3 d4 11. Nb1 Na5 12. Bxb7 Nxb7 13. Nd2 Ng4 14. Rf3 Ne3 15. Qc1 Nd6 16. Nf2 h5 17. Nd1 Ndf5 18. Nf1 Nxf1 19. Kxf1 g5 20. fxg5 Bxg5 21. Qc2 Kh7 22. Bc1 Rg8 23. Bd2 Rg7 24. Qc1 Be7 25. e4 dxe3 26. Bxe3 Qxd3+ 27. Kg1 Rd8 28. Rb1 Qe2 29. Rf2 Nxg3 30. Qc2+ Qxc2 31. Rxc2 Nf5+ 32. Kf1 Rxd1+ 0-1

[Event "Khanty-Mansiysk Governor Cup-B 5th"]
[Site "Khanty-Mansiysk"]
[Date "2009.11.27"]
[Round "4"]
[White "Kolosov, Alexander"]
[Black "Ivanets, Vladimir"]
[Result "0-1"]
[WhiteElo "2021"]
[BlackElo "2223"]
[PlyCount "64"]
[EventDate "2009.11.24"]
[EventType "swiss"]
[EventRounds "11"]
[EventCountry "RUS"]
[SourceTitle "EXT 2011"]
[Source "ChessBase"]
[SourceDate "2010.11.26"]
[SourceVersion "1"]
[SourceVersionDate "2010.11.26"]
[SourceQuality "1"]

1. e4 b6 2. d4 Bb7 3. Nc3 e6 4. Nf3 d6 5. Bd3 Nd7 6. Bg5 Qb8 7. Qe2 a6 8. h4 h6 9. Bd2 g6 10. g4 Bg7 11. 0-0-0 b5 12. Rhe1 c5 13. dxc5 Nxc5 14. Bf4 e5 15. Be3 Ne7 16. Qd2 b4 17. Ne2 Nxd3+ 18. Qxd3 0-0 19. h5 g5 20. Nxg5 hxg5 21. Bxg5 f6 22. Bd2 a5 23. h6 Bh8 24. Qh3 Bxe4 25. Ng3 Bh7 26. Rg1 Kf7 27. f4 Rc8 28. f5 Qc7 29. c3 bxc3 30. Bxc3 Rab8 31. Ne2 Qc4 32. Qd3 Qxa2 0-1

[Event "Khanty-Mansiysk Governor Cup-B 5th"]
[Site "Khanty-Mansiysk"]
[Date "2009.11.25"]
[Round "2"]
[White "Brigov, Igor"]
[Black "Ivanets, Vladimir"]
[Result "0-1"]
[WhiteElo "2026"]
[BlackElo "2223"]
[PlyCount "104"]
[EventDate "2009.11.24"]
[EventType "swiss"]
[EventRounds "11"]
[EventCountry "RUS"]
[SourceTitle "EXT 2011"]
[Source "ChessBase"]
[SourceDate "2010.11.26"]
[SourceVersion "1"]
[SourceVersionDate "2010.11.26"]
[SourceQuality "1"]

1. d4 b6 2. e4 Bb7 3. Nd2 e6 4. Ngf3 d6 5. Bd3 g6 6. Qe2 Nd7 7. Nc4 Bg7 8. h4 h6 9. Bd2 Ne7 10. 0-0-0 a5 11. Kb1 Qb8 12. Na3 0-0 13. h5 g5 14. c3 Re8 15. Nh2 e5 16. d5 Nc5 17. Bb5 Rf8 18. g4 Nxe4 19. Qxe4 Bxd5 20. Qd3 Bxh1 21. Rxh1 c6 22. Ba4 d5 23. f3 b5 24. Bc2 f5 25. gxf5 b4 26. f6 Rxf6 27. Qh7+ Kf8 28. Ng4 bxa3 29. b3 Ng8 30. Bxg5 hxg5 31. h6 Qa7 32. Nxe5 Nxh6 33. Ng6+ Rxg6 34. Qxg6 Qc5 35. Qd3 Re8 36. Rxh6 Re1+ 37. Bd1 Rxd1+ 38. Qxd1 Bxh6 39. Qd3 Kg7 40. Qf5 Qd6 41. Qg4 Qg6+ 42. Kc1 Qf6 43. Kd1 Kg6 44. Ke2 Qf5 45. Qa4 Qc2+ 46. Kf1 Qxc3 47. Kg2 Bg7 48. Qg4 Qc2+ 49. Kh1 Qe2 50. Qh3 Bd4 51. Qg4 Qf1+ 52. Kh2 Be5+ 0-1

[Event "Wch Seniors 19th"]
[Site "Condino"]
[Date "2009.11.04"]
[Round "8"]
[White "Ivanets, Vladimir"]
[Black "Rotelli, Pietro"]
[Result "1/2-1/2"]
[WhiteElo "2231"]
[BlackElo "1979"]
[PlyCount "44"]
[EventDate "2009.10.27"]
[EventType "swiss"]
[EventRounds "11"]
[EventCountry "ITA"]
[SourceTitle "EXT 2010"]
[Source "ChessBase"]
[SourceDate "2010.11.25"]
[SourceVersion "1"]
[SourceVersionDate "2010.11.25"]
[SourceQuality "1"]

1. b4 c6 2. e3 d5 3. Bb2 Nf6 4. Nf3 Bg4 5. h3 Bxf3 6. Qxf3 Nbd7 7. c4 e6 8. a3 a5 9. b5 Bd6 10. Qd1 0-0 11. Nc3 Nb6 12. bxc6 bxc6 13. cxd5 exd5 14. Na4 Nfd7 15. Be2 Ne5 16. Nxb6 Qxb6 17. Bc3 Rfb8 18. f4 Ng6 19. Bd3 Bxf4 20. 0-0 Bd6 21. Rb1 Qc7 22. Rxb8+ Rxb8 1/2-1/2

[Event "Wch Seniors 19th"]
[Site "Condino"]
[Date "2009.11.02"]
[Round "6"]
[White "Ivanets, Vladimir"]
[Black "Gutzeit, Avraham"]
[Result "0-1"]
[WhiteElo "2231"]
[BlackElo "2140"]
[PlyCount "174"]
[EventDate "2009.10.27"]
[EventType "swiss"]
[EventRounds "11"]
[EventCountry "ITA"]
[SourceTitle "EXT 2010"]
[Source "ChessBase"]
[SourceDate "2010.11.25"]
[SourceVersion "1"]
[SourceVersionDate "2010.11.25"]
[SourceQuality "1"]

1. b4 e5 2. Bb2 Bxb4 3. Bxe5 Nf6 4. Nf3 Nc6 5. Bb2 0-0 6. c4 d5 7. e3 Bg4 8. a3 Ba5 9. cxd5 Nxd5 10. Bb5 Qd6 11. 0-0 Qg6 12. Kh1 Qh5 13. Be2 Nce7 14. Ng1 Bxe2 15. Nxe2 c6 16. e4 Bc7 17. h3 Nf6 18. Bxf6 gxf6 19. Nbc3 Kh8 20. Rb1 b6 21. Nd4 Qxd1 22. Rfxd1 Rad8 23. Nf3 Rd3 24. Ne1 Rd7 25. d4 Rfd8 26. Nc2 b5 27. Kg1 f5 28. f3 Bb6 29. Ne2 fxe4 30. fxe4 f5 31. e5 c5 32. Rxb5 cxd4 33. Rd3 Rd5 34. Rxd5 Rxd5 35. e6 Kg7 36. Kf1 Nc6 37. Nf4 Rc5 38. Ne1 Kf6 39. Rg3 Ne7 40. Rd3 Rc1 41. Ke2 Rc4 42. Nf3 Ra4 43. Nh5+ Kxe6 44. Ng5+ Kd6 45. Nxh7 Ng6 46. Rf3 Ne5 47. Rb3 d3+ 48. Kd1 Be3 49. N7f6 Rc4 50. Rxd3+ Nxd3 51. Ke2 Bg5 52. Kxd3 Ra4 53. Nh7 Rxa3+ 54. Kc4 Be7 55. Kb5 Kc7 56. g3 a6+ 57. Kc4 Kc6 58. h4 Rf3 59. Ng5 Re3 60. Nf7 a5 61. Nh6 Re5 62. Ng7 f4 63. gxf4 Re4+ 64. Kd3 Rxf4 65. h5 Bf8 66. Nhf5 Bxg7 67. Nxg7 Rh4 68. Kc3 Kb5 69. Nf5 Rxh5 70. Nd4+ Ka4 71. Kb2 Rh2+ 72. Kc3 Rg2 73. Nc2 Rg4 74. Kb2 Rc4 75. Na3 Rb4+ 76. Ka2 Rb8 77. Nc2 Rb3 78. Nd4 Rd3 79. Nc2 Kb5 80. Kb2 a4 81. Na3+ Kc5 82. Nc2 Rb3+ 83. Ka2 Kc4 84. Na3+ Kc3 85. Nb1+ Kb4 86. Nd2 Re3 87. Nb1 Re2+ 0-1

[Event "Wch Seniors 19th"]
[Site "Condino"]
[Date "2009.10.27"]
[Round "1"]
[White "Nielsen, Peter"]
[Black "Ivanets, Vladimir"]
[Result "0-1"]
[WhiteElo "1894"]
[BlackElo "2231"]
[PlyCount "56"]
[EventDate "2009.10.27"]
[EventType "swiss"]
[EventRounds "11"]
[EventCountry "ITA"]
[SourceTitle "EXT 2010"]
[Source "ChessBase"]
[SourceDate "2010.11.25"]
[SourceVersion "1"]
[SourceVersionDate "2010.11.25"]
[SourceQuality "1"]

1. e4 c5 2. Nc3 a6 3. g3 b5 4. Bg2 Bb7 5. d3 Nf6 6. Bd2 e6 7. f4 d6 8. Nf3 Nc6 9. 0-0 Be7 10. Re1 0-0 11. e5 dxe5 12. Nxe5 Rc8 13. Nxc6 Bxc6 14. Bxc6 Rxc6 15. Qf3 Rc8 16. Rad1 Nd5 17. Ne4 Nb4 18. Bxb4 cxb4 19. Re2 Qa5 20. Ra1 Bc5+ 21. Nxc5 Rxc5 22. d4 Rd5 23. c3 Rc8 24. Re3 bxc3 25. bxc3 b4 26. Rae1 bxc3 27. Re5 Rxe5 28. Rxe5 Qxe5 0-1